000 00340nam a2200133Ia 4500
005 20251222155138.0
008 251222s9999||||xx |||||||||||||| ||spa||
082 _aMEQ.229
100 _aS. De CASTRO DEL POZO.
245 0 _aManual de patología general etiología fisiopatología
250 _a5ta. ed.
264 _bMason
942 _cLIB
999 _c39068
_d39068